000 00776nam a2200229 a 4500
001 BRL_951
005 20190320210952.0
008 281013s1977----nyua######---#000-0#eng-#
020 _a0486235319
041 _aeng
044 _anyu
050 4 _aND25
_b.R63 1977
100 1 _aBlanchard, Roberta Ray
_925425
245 1 0 _aTraditional tole painting
_bwith authentic antique designs and working diagrams for stenciling and brush-stroke painting ; adaptable for trays, boxes, chests, chairs, and other furniture
_cRoberta Ray Blanchard.
260 _aNew York
_bDover Publications
_c1977
300 _a95 p.
_bil.
_c27 cm.
500 _aAu995
650 1 4 _aPintura
_xDecoración y ornamentación
_925426
650 1 4 _aArte decorativo
_92280
902 _aGRL
942 _2lcc
_cB
999 _c9763
_d9763